Agile Change Management A Practical Framework for Successful Change Planning and Implementation

Gespeichert in:
Bibliographische Detailangaben
1. Verfasser: Franklin, Melanie
Format: Buch
Sprache:Englisch
Veröffentlicht: London Kogan Page 2021
Ausgabe:2nd Edition
Schlagworte:
Tags: Tag hinzufügen
Keine Tags, Fügen Sie das erste Tag hinzu!

MARC

LEADER 00000nam a2200000 4500
001 0297173
005 20240416114213.6
020 |a 978-1-3986-0314-1 
020 |a 978-1-3986-0316-5 
041 0 |a eng 
044 |a GB 
245 1 0 |a Agile Change Management  |b A Practical Framework for Successful Change Planning and Implementation  |c Melanie Franklin 
250 |a 2nd Edition 
264 1 |a London  |b Kogan Page  |c 2021 
300 |a 297 s. 
610 2 0 |a riadenie zmien 
610 2 0 |a plánovanie 
610 2 0 |a zmeny štruktúrne 
610 2 0 |a zmeny organizačné 
610 2 0 |a stratégia podniková 
610 2 0 |a politika podniková 
100 1 |a Franklin, Melanie